• 首页
  • 本馆介绍
  • 公告通知
  • 最新文献
  • 馆藏检索
  • 电子资源
  • 读者导购
  • 参考咨询
  • 我的图书馆
  • 登录
  • 详细信息显示
  • 放入我的书架
  • 预约/预借图书
  • 作者相关作品
  • 分类相关作品
  • 丛书相关作品
  • 出版社相关作品

书目信息

  • 表格格式
  • 工作单格式
  • 卡片格式
题名:
马拉松赛事对城市的多元影响研究
    
 
作者: 王相英 著
分册:  
出版信息: 北京   中国社会科学出版社  2022.3
页数: 290页
开本: 24cm
丛书名:
单 册:
中图分类: G822.8
科图分类:
主题词: 马拉松跑--ma la song pao--运动竞赛--影响--城市建设--研究
电子资源:
ISBN: 978-7-5203-9745-2
000 01597nam0 2200277 45
001 012001000442
005 20141201142710.0
010    @a978-7-5203-9745-2@dCNY108.00
099    @aCAL 012022046753
100    @a20220905d2022 em y0chiy50 ea
101 0  @achi@deng@eeng
102    @aCN@b110000
105    @aak a 000yy
106    @ar
200 1  @a马拉松赛事对城市的多元影响研究@Ama la song sai shi dui cheng shi de duo yuan ying xiang yan jiu@f王相英著
210    @a北京@c中国社会科学出版社@d2022.3
215    @a290页@c图@d24cm
300    @a山东省社会科学规划研究项目 马拉松赛事对承办地城市竞争力的提升因素研究 (15CTYJ09)
314    @a王相英,现任山东师范大学体育学院院长助理,兼任山东省学校体育协会副秘书长、国际级路跑丈量员、国家级田径裁判。
320    @a有书目 (第284-290页)
330    @a本书根据以科学性与严谨性为指导思想,坚持理论联系实际,分析成功举办马拉松赛事给城市带来的多元影响。根据马拉松赛事的自身特点与组成城市整体的各有机部分,不同章节采用了不同的科学研究方法对“马拉松赛事对城市的多元影响”进行了实证研究,探寻举办马拉松赛事对城市教育、文化、经济等方面影响。集理论、预见于一体,对马拉松赛事和城市的多远融合研究,并结合实证以增强本文的说服力。不同章节采用了不同的科学研究方法对“马拉松赛事对城市的多元影响”进行了实证研究,探寻举办马拉松赛事对城市教育、文化、经济等方面影响。集理论、预见于一体,对马拉松赛事和城市的多远融合研究,并结合实证以增强本文的说服力。
606 0  @a马拉松跑@Ama la song pao@x运动竞赛@x影响@x城市建设@x研究
690    @aG822.8@v5
701  0 @a王相英@Awang xiang ying@4著
801  0 @aCN@bAHXH@c20221111
905    @b1369342-6@dG822.8@e206@f5
    
    马拉松赛事对城市的多元影响研究/王相英著.-北京:中国社会科学出版社,2022.3
    290页:图;24cm
    山东省社会科学规划研究项目 马拉松赛事对承办地城市竞争力的提升因素研究 (15CTYJ09)
    
    ISBN 978-7-5203-9745-2:CNY108.00
    本书根据以科学性与严谨性为指导思想,坚持理论联系实际,分析成功举办马拉松赛事给城市带来的多元影响。根据马拉松赛事的自身特点与组成城市整体的各有机部分,不同章节采用了不同的科学研究方法对“马拉松赛事对城市的多元影响”进行了实证研究,探寻举办马拉松赛事对城市教育、文化、经济等方面影响。集理论、预见于一体,对马拉松赛事和城市的多远融合研究,并结合实证以增强本文的说服力。不同章节采用了不同的科学研究方法对“马拉松赛事对城市的多元影响”进行了实证研究,探寻举办马拉松赛事对城市教育、文化、经济等方面影响。集理论、预见于一体,对马拉松赛事和城市的多远融合研究,并结合实证以增强本文的说服力。
●
相关链接 在E读中查询图书 在五车中查询图书 在当当中查询图书 在豆瓣中查询图书


正题名:马拉松赛事对城市的多元影响研究     索取号:G822.8/206         预约/预借

序号 登录号 条形码 馆藏地/架位号 状态 备注
1 1369342   213693421   第一样本阅览室/ [索取号:G822.8/206] 在馆    
2 1369343   213693430   教育系资料室/ [索取号:G822.8/206] 在馆    
3 1369344   213693449   教育系资料室/ [索取号:G822.8/206] 在馆    
4 1369345   213693458   第四借阅区/ [索取号:G822.8/206] 在馆    
5 1369346   213693467   第四借阅区/ [索取号:G822.8/206] 在馆    
唐山师范学院图书馆 欢迎您!
大连网信软件有限公司© 版权所有